000 00486nmm a2200169Ia 4500
008 251105s9999||||xx |||||||||||||||||und||
020 _a9789878918938
041 _aspa
100 _aBuffone, Jesica
245 0 _aFenomenologia del desarrollo infantil
264 _a[Buenos Aires, Argentina] :
_bEditorial Sb,
_c2023
300 _a153 páginas
490 _aPost-Visión
650 _aPhilosophy, Ethics
856 _uhttps://public.digitaliapublishing.com/a/129921
942 _cCF
999 _c97744
_d97744